[Event "XIV Festival A"]
[Site "Trieste ITA"]
[Date "2012.09.02"]
[Round "3"]
[White "Srebrnic, Vojko"]
[Black "Movileanu, Daniela"]
[WhiteElo "2207"]
[BlackElo "1993"]
[Result "1-0"]
[PlyCount "121"]
[EventDate "2012.09.01"]

1. e4 g6 2. f4 Bg7 3. Nf3 d6 4. Nc3 Nd7 5. Bc4 e6 6. d3 Ne7 7. O-O Nb6 8. Bb3
O-O 9. Be3 d5 10. e5 Nd7 11. d4 Nf5 12. Bf2 h5 13. Qd2 b6 14. Nd1 Ba6 15. Re1
c5 16. c3 Rc8 17. Ne3 Bh6 18. Nxf5 gxf5 19. Bh4 Qe8 20. Bg5 Bxg5 21. fxg5 Kg7
22. Nh4 Rh8 23. g3 Nf8 24. Ng2 Ng6 25. h4 Qb5 26. Re3 Qd7 27. Bd1 cxd4 28. cxd4
Qe7 29. Bf3 Bb7 30. Ra3 a6 31. Rb3 b5 32. Qe2 Rc4 33. Rd1 Qc7 34. Rbd3 Rc2 35.
R3d2 Rxd2 36. Qxd2 a5 37. Rc1 Qb6 38. Kh2 b4 39. Qd1 Ne7 40. Nf4 Nc6 41. Bxh5
Ba8 42. g6 fxg6 43. Bxg6 Nxd4 44. Qxd4 Qxd4 45. Nxe6+ Kxg6 46. Nxd4 Re8 47. Re1
Bb7 48. Kh3 Bc8 49. Kg2 Bb7 50. Kf3 Rc8 51. Kf4 Rc4 52. Rd1 Bc8 53. Rd2 a4 54.
b3 axb3 55. axb3 Rc1 56. Rc2 Rf1+ 57. Ke3 Bd7 58. Rc7 Be8 59. Ne6 Rb1 60. Re7
Rxb3+ 61. Kf4 1-0

[Event "XIV Festival A"]
[Site "Trieste ITA"]
[Date "2012.09.02"]
[Round "3"]
[White "Tesic, Dragan"]
[Black "Leroy, Didier"]
[WhiteElo "2348"]
[BlackElo "2285"]
[Result "0-1"]
[PlyCount "68"]
[EventDate "2012.09.01"]

1. d4 e6 2. c4 Bb4+ 3. Bd2 a5 4. e4 d5 5. cxd5 exd5 6. e5 c5 7. Bxb4 axb4 8.
dxc5 Ne7 9. Nf3 O-O 10. Bd3 Nec6 11. Qc2 h6 12. O-O Nd7 13. Re1 Ra5 14. Bh7+
Kh8 15. Bf5 Rxc5 16. Qb3 Ndxe5 17. Nxe5 Nxe5 18. Bxc8 Qxc8 19. Nd2 Qf5 20. Rad1
Rfc8 21. Nf1 Rc2 22. Qg3 Nc4 23. b3 Rc3 24. f3 Nb2 25. Rd4 Qf6 26. Qe5 Qb6 27.
Re3 Rxe3 28. Nxe3 Rc3 29. Nxd5 Rc1+ 30. Kf2 Nd3+ 31. Ke3 Re1+ 32. Kd2 Qa7 33.
Qf5 Qxa2+ 34. Kxd3 Qe2# 0-1

[Event "XIV Festival A"]
[Site "Trieste ITA"]
[Date "2012.09.02"]
[Round "3"]
[White "Turov, Maxim"]
[Black "Beletic, Daniel"]
[WhiteElo "2636"]
[BlackElo "2230"]
[Result "1-0"]
[PlyCount "105"]
[EventDate "2012.09.01"]

1. d4 Nf6 2. c4 c5 3. d5 b5 4. Qc2 g6 5. e4 d6 6. cxb5 Bg7 7. Nc3 O-O 8. Nf3 a6
9. a4 e6 10. dxe6 fxe6 11. e5 dxe5 12. Be3 Qe7 13. Be2 axb5 14. Nxb5 Na6 15.
O-O Bb7 16. Nxe5 Nd5 17. Nc4 Nab4 18. Qb3 Qh4 19. Bd2 Nf4 20. Bxf4 Rxf4 21. Nc7
Raf8 22. Nxe6 Rxf2 23. Ne3 Rxf1+ 24. Rxf1 Rxf1+ 25. Kxf1 Qf6+ 26. Ke1 Qxb2 27.
Nxc5+ Qxb3 28. Nxb3 Bh6 29. Ng4 Bg7 30. Bc4+ Kf8 31. Nc5 Bc8 32. Be6 Nd3+ 33.
Nxd3 Bxe6 34. Nge5 Ke7 35. Kd2 Kd6 36. Nf3 Bd7 37. a5 Bb5 38. Ng5 Bc6 39. g3
Bb5 40. Nxh7 Bh6+ 41. Kc3 Ke7 42. Ne5 Be8 43. Kd4 Ke6 44. a6 Bg7 45. Kc5 Bxe5
46. a7 Bd4+ 47. Kxd4 Bc6 48. Kc5 Ba8 49. Nf8+ Kf5 50. Kd6 g5 51. Ne6 Kg4 52.
Nxg5 Kxg5 53. Kc7 1-0

[Event "XIV Festival A"]
[Site "Trieste ITA"]
[Date "2012.09.02"]
[Round "3"]
[White "Vorobiov, Evgeny E."]
[Black "Kuljasevic, Davorin"]
[WhiteElo "2594"]
[BlackElo "2555"]
[Result "1-0"]
[PlyCount "60"]
[EventDate "2012.09.01"]

1. e4 e6 2. d3 d5 3. Nd2 Nf6 4. e5 Nfd7 5. f4 c5 6. Ndf3 Nc6 7. g3 Be7 8. Bg2
b6 9. Nh3 h6 10. Qe2 Qc7 11. O-O g6 12. Bd2 Bb7 13. c3 O-O-O 14. d4 f6 15. exf6
Bxf6 16. Qxe6 cxd4 17. cxd4 Nxd4 18. Nxd4 Bxd4+ 19. Nf2 Rde8 20. Qxg6 Bxb2 21.
Rae1 Rxe1 22. Rxe1 Bd4 23. Qd3 Bc5 24. Bc3 Rd8 25. Bd4 Kb8 26. Bf3 Bxd4 27.
Qxd4 Qc4 28. Qb2 Nc5 29. Qf6 Rg8 30. Re7 a5 1-0

[Event "XIV Festival A"]
[Site "Trieste ITA"]
[Date "2012.09.03"]
[Round "4"]
[White "Banusz, Tamas"]
[Black "Vorobiov, Evgeny E."]
[WhiteElo "2583"]
[BlackElo "2594"]
[Result "1/2-1/2"]
[PlyCount "39"]
[EventDate "2012.09.01"]

1. d4 Nf6 2. c4 g6 3. Nf3 Bg7 4. g3 c6 5. Bg2 d5 6. Qb3 O-O 7. O-O dxc4 8. Qxc4
Bf5 9. e3 Nbd7 10. Rd1 e5 11. Nc3 Qe7 12. Nxe5 Nxe5 13. dxe5 Qxe5 14. e4 Bg4
15. f3 Be6 16. Qe2 Rfd8 17. Be3 Qa5 18. Qf2 Nd7 19. f4 Nb6 20. Bd4 1/2-1/2

[Event "XIV Festival A"]
[Site "Trieste ITA"]
[Date "2012.09.03"]
[Round "4"]
[White "Bernard, Jacques"]
[Black "Bergez, Luc"]
[WhiteElo "2224"]
[BlackElo "2406"]
[Result "1/2-1/2"]
[PlyCount "56"]
[EventDate "2012.09.01"]

1. e4 g6 2. d4 Nf6 3. e5 Nh5 4. Nc3 d6 5. Bc4 Nc6 6. Qf3 e6 7. g4 Nxd4 8. Qd3
Nc6 9. gxh5 Nxe5 10. Qe2 Bd7 11. Bb5 a6 12. Bxd7+ Qxd7 13. Bg5 Be7 14. h4 gxh5
15. O-O-O Ng4 16. Nh3 O-O-O 17. Bxe7 Qxe7 18. Nf4 Qf6 19. Nd3 Rhg8 20. f3 Nh6
21. Ne4 Qe7 22. Qe3 Nf5 23. Qa7 c5 24. Ndxc5 dxc5 25. Nxc5 Qc7 26. Nxa6 bxa6
27. Qa8+ Qb8 28. Qc6+ Qc7 1/2-1/2

[Event "XIV Festival A"]
[Site "Trieste ITA"]
[Date "2012.09.03"]
[Round "4"]
[White "Bisi, Samuele"]
[Black "Granaldi, Alessandro"]
[WhiteElo "2050"]
[BlackElo "2105"]
[Result "1-0"]
[PlyCount "97"]
[EventDate "2012.09.01"]

1. d4 Nf6 2. c4 c5 3. d5 b5 4. cxb5 a6 5. e3 Bb7 6. Nc3 Qa5 7. Bd2 axb5 8. Bxb5
Qb6 9. Qb3 e6 10. e4 Nxe4 11. Nxe4 Bxd5 12. Qd3 Qb7 13. f3 c4 14. Bxc4 Bxc4 15.
Qxc4 d5 16. Qd4 dxe4 17. Bc3 exf3 18. Nxf3 Nc6 19. Qe4 Bb4 20. Rc1 Qb5 21. Nd4
Qe5 22. Qxe5 Nxe5 23. Bxb4 Nd3+ 24. Ke2 Nxb4 25. a3 Nd5 26. Nb5 O-O 27. Nc7
Nxc7 28. Rxc7 Rfb8 29. Rc2 g6 30. Rd1 Rb5 31. Rd3 Kg7 32. b4 Kf6 33. Rc7 Rd5
34. Rxd5 exd5 35. Rc3 d4 36. Rb3 Ke5 37. b5 Ra7 38. b6 Rb7 39. a4 Kd5 40. a5
Kc5 41. Kd3 f5 42. a6 Rxb6 43. Rxb6 Kxb6 44. Kxd4 Kxa6 45. Ke5 Kb5 46. Kf6 f4
47. h4 Kc5 48. Kg7 Kd5 49. Kxh7 1-0

[Event "XIV Festival A"]
[Site "Trieste ITA"]
[Date "2012.09.03"]
[Round "4"]
[White "Capaliku, Aleks"]
[Black "Iasman, Inna"]
[WhiteElo "2114"]
[BlackElo "2002"]
[Result "1-0"]
[PlyCount "93"]
[EventDate "2012.09.01"]

1. f4 d5 2. Nf3 g6 3. c4 Nf6 4. e3 Bg7 5. Nc3 O-O 6. b3 c5 7. cxd5 Nxd5 8. Bb2
Nc6 9. Bc4 Nb6 10. Be2 Bf5 11. d3 Nd5 12. Qd2 Qa5 13. Nxd5 Qxd2+ 14. Kxd2 Bxb2
15. Rab1 Bg7 16. e4 Rad8 17. Rbc1 Bxe4 18. dxe4 e6 19. Rxc5 exd5 20. e5 Rfe8
21. Bb5 Re6 22. Bxc6 Rxc6 23. Rhc1 Rdc8 24. Rxc6 bxc6 25. Nd4 c5 26. Nb5 a6 27.
Nd6 Rc6 28. Kd3 Bf8 29. Ne8 Be7 30. b4 Kf8 31. Nf6 Bxf6 32. exf6 c4+ 33. Kd4
Rxf6 34. Kxd5 Rxf4 35. Rxc4 Rf2 36. a4 Rxg2 37. Rc6 Rg5+ 38. Kd6 Rf5 39. Kc7
Rf4 40. b5 axb5 41. axb5 Ke7 42. b6 Rb4 43. b7 Rxb7+ 44. Kxb7 g5 45. Kb6 h5 46.
Kc5 h4 47. Kd4 1-0

[Event "XIV Festival A"]
[Site "Trieste ITA"]
[Date "2012.09.03"]
[Round "4"]
[White "David, Alberto"]
[Black "Jovic, Stanoje"]
[WhiteElo "2599"]
[BlackElo "2338"]
[Result "0-1"]
[PlyCount "82"]
[EventDate "2012.09.01"]

1. d4 Nf6 2. c4 d6 3. Nc3 Bf5 4. g3 e5 5. Bg2 c6 6. Nf3 Nbd7 7. O-O h6 8. d5
Qc8 9. b3 c5 10. Nh4 Bh7 11. e4 g5 12. Nf5 Bxf5 13. exf5 g4 14. Be3 h5 15. Qd2
h4 16. Rac1 Bg7 17. Bg5 hxg3 18. hxg3 Ke7 19. Rfe1 Rh5 20. b4 Rxg5 21. Qxg5 Qh8
22. bxc5 Nxc5 23. Qd2 Bh6 24. Qb2 Bxc1 25. Rxc1 Qh6 26. Rd1 Rh8 27. Qa3 a6 28.
Qa5 Rc8 29. Qb6 Nfd7 30. Qb1 Qg5 31. Qc2 Kf6 32. Be4 Rh8 33. Re1 Kg7 34. Bg2
Rh5 35. Rb1 Qxf5 36. Ne4 Qh7 37. Qe2 Qg6 38. Re1 Nxe4 39. Bxe4 f5 40. Bg2 Nc5
41. Qb2 Qf6 0-1

[Event "XIV Festival A"]
[Site "Trieste ITA"]
[Date "2012.09.03"]
[Round "4"]
[White "Demuth, Adrien"]
[Black "Ashiku, Franc"]
[WhiteElo "2476"]
[BlackElo "2159"]
[Result "1-0"]
[PlyCount "115"]
[EventDate "2012.09.01"]

1. d4 Nf6 2. c4 g6 3. Nc3 d5 4. Bg5 Ne4 5. Bh4 Nxc3 6. bxc3 dxc4 7. e3 Be6 8.
Nf3 b5 9. a4 c6 10. Ng5 Bd5 11. e4 h6 12. exd5 hxg5 13. Bg3 Qa5 14. Qc1 cxd5
15. axb5 Qb6 16. Be2 Nd7 17. O-O Bg7 18. Qxg5 Qxb5 19. Bf3 e6 20. Rae1 Kf8 21.
h4 Qb6 22. h5 gxh5 23. Bxh5 Qd8 24. Bd6+ Kg8 25. Be7 f6 26. Qg4 Qxe7 27. Rxe6
Qf8 28. Rfe1 f5 29. Qf3 Nf6 30. Rxf6 Bxf6 31. Qxd5+ Kg7 32. Qd7+ Kh6 33. Qxf5
Qg7 34. Bf3 Qg5 35. Qh3+ Qh4 36. Qxh4+ Bxh4 37. Bxa8 Rxa8 38. g3 Bf6 39. Re6
Kg7 40. Ra6 Bd8 41. f4 Bb6 42. Kf2 Kf6 43. Kf3 Ke6 44. g4 Rh8 45. Ke4 Rh1 46.
f5+ Kf6 47. Ra4 Re1+ 48. Kd5 Rg1 49. Rxc4 Rxg4 50. Rc8 Rf4 51. Kd6 Kxf5 52. d5
Ke4 53. Rc4+ Ke3 54. Rxf4 Kxf4 55. c4 Bf2 56. c5 Ke4 57. c6 a5 58. Ke6 1-0

[Event "XIV Festival A"]
[Site "Trieste ITA"]
[Date "2012.09.03"]
[Round "4"]
[White "Erdos, Viktor"]
[Black "Mazi, Leon"]
[WhiteElo "2643"]
[BlackElo "2356"]
[Result "1-0"]
[PlyCount "75"]
[EventDate "2012.09.01"]

1. d4 d5 2. Nf3 Nf6 3. c4 dxc4 4. Qa4+ c6 5. Qxc4 g6 6. Nc3 Bg7 7. e4 O-O 8.
Qb3 Qb6 9. Qc2 Bg4 10. Be3 Na6 11. Be2 Qa5 12. O-O Rfd8 13. a3 Bxf3 14. Bxf3
Rd7 15. Be2 Ne8 16. e5 Qd8 17. Bxa6 bxa6 18. Ne4 Rb7 19. Rac1 Rc8 20. Rfd1 Qd5
21. Nc5 Rb6 22. h4 Bf8 23. Nd3 Rc7 24. Qe2 Qe4 25. Nc5 Qxh4 26. Nxa6 Rcb7 27.
b4 Bh6 28. Bxh6 Qxh6 29. d5 cxd5 30. Rc8 Kf8 31. Rxd5 e6 32. Rdd8 Re7 33. g3
Kg7 34. Kg2 Qh5 35. Qxh5 gxh5 36. Nc5 Nc7 37. Nd7 Ra6 38. Rxc7 1-0

[Event "XIV Festival A"]
[Site "Trieste ITA"]
[Date "2012.09.03"]
[Round "4"]
[White "Erwich, Frans A.G.M."]
[Black "Egartner, Wolfgang"]
[WhiteElo "2005"]
[BlackElo "2132"]
[Result "1-0"]
[PlyCount "69"]
[EventDate "2012.09.01"]

1. e4 c6 2. d4 d5 3. e5 c5 4. dxc5 Nc6 5. Bb5 e6 6. Be3 Nge7 7. c3 Bd7 8. Bxc6
Nxc6 9. f4 g5 10. fxg5 h6 11. Nf3 Qc7 12. O-O Nxe5 13. Nxe5 Qxe5 14. Bd4 Bxc5
15. Bxc5 hxg5 16. g3 Qe4 17. Nd2 Qh7 18. Rf2 f5 19. Bd4 Rg8 20. Nf3 f4 21. Ne5
fxg3 22. hxg3 O-O-O 23. Rf7 Qh3 24. Qg4 Qh6 25. Nxd7 Rxd7 26. Rf6 Rg6 27. Raf1
Rxf6 28. Rxf6 Qh7 29. Rf8+ Kc7 30. Be5+ Kb6 31. Qb4+ Ka6 32. Qa4+ Kb6 33. Bd4+
Kc7 34. Qa5+ b6 35. Qxa7+ 1-0

[Event "XIV Festival A"]
[Site "Trieste ITA"]
[Date "2012.09.03"]
[Round "4"]
[White "Ivanovic, Andrej"]
[Black "Pregarac, Valter"]
[WhiteElo "2107"]
[BlackElo "2181"]
[Result "1/2-1/2"]
[PlyCount "107"]
[EventDate "2012.09.01"]

1. d4 e6 2. c4 Nf6 3. Nc3 Bb4 4. g3 d5 5. Bg2 O-O 6. Nf3 c6 7. O-O Nbd7 8. Qb3
a5 9. Rd1 b6 10. cxd5 cxd5 11. Bg5 h6 12. Bxf6 Nxf6 13. Ne5 Ba6 14. e3 Bd6 15.
e4 Nxe4 16. Nxe4 dxe4 17. Bxe4 Rc8 18. Nc6 Qc7 19. Rac1 b5 20. a3 Qb6 21. d5
Bb7 22. Bb1 exd5 23. Qd3 g6 24. Nd4 Be5 25. Rxc8 Rxc8 26. Ba2 b4 27. axb4 Qxb4
28. Nf3 Bf6 29. Kg2 Kg7 30. h4 h5 31. Ng5 Qe7 32. Nh3 d4+ 33. Kh2 Qe4 34. Nf4
Rc2 35. Qxe4 Bxe4 36. Bb1 Rxf2+ 37. Kg1 Bf3 38. Kxf2 Bxd1 39. Ke1 Bg4 40. Kd2
Be5 41. Be4 Bd7 42. Bd3 Bc6 43. Ke2 Ba4 44. Kf3 Bb3 45. Ke4 f6 46. Kf3 Bd1+ 47.
Ke4 Kh6 48. Kd5 Bf3+ 49. Ke6 g5 50. Ng6 Bxg3 51. Ne7 Be5 52. Nf5+ Kg6 53. Nxd4+
Kg7 54. Nxf3 1/2-1/2

[Event "XIV Festival A"]
[Site "Trieste ITA"]
[Date "2012.09.03"]
[Round "4"]
[White "Laco, Giuseppe"]
[Black "Santeramo, Alessia Carmen"]
[WhiteElo "2085"]
[BlackElo "1866"]
[Result "1-0"]
[PlyCount "113"]
[EventDate "2012.09.01"]

1. c4 e5 2. Nc3 Nf6 3. g3 Nc6 4. Bg2 Be7 5. Nd5 d6 6. Nxe7 Qxe7 7. d3 O-O 8. a3
e4 9. d4 d5 10. c5 a5 11. e3 Bg4 12. Qc2 Qd7 13. h3 Be6 14. Bf1 Na7 15. Bd2 b6
16. Rc1 Nc8 17. b4 axb4 18. c6 Qe7 19. Bxb4 Nd6 20. g4 h6 21. Ne2 Bc8 22. Ng3
g6 23. Rg1 Ba6 24. Bxa6 Rxa6 25. Qe2 Rfa8 26. h4 Nfe8 27. g5 h5 28. Nxh5 gxh5
29. Qxh5 Ng7 30. Qe2 Qe6 31. h5 Qf5 32. Rg3 Nc4 33. Kf1 Nxa3 34. Kg2 Nc4 35.
Rh1 Ra2 36. Qe1 Ra1 37. Qxa1 Rxa1 38. Rxa1 Nxh5 39. Rh3 Qxg5+ 40. Kh2 Qf5 41.
Rg1+ Kh7 42. Rg2 Nb2 43. Be7 Nd3 44. Bg5 Kg6 45. Bd8+ Kh7 46. Bg5 Kg6 47. Bh4+
Kh6 48. Bg3 b5 49. Bxc7 b4 50. Bd6 b3 51. Bf8+ Kh7 52. c7 Qxh3+ 53. Kxh3 b2 54.
c8=Q Nxf2+ 55. Rxf2 Nf4+ 56. Rxf4 b1=Q 57. Qf5+ 1-0

[Event "XIV Festival A"]
[Site "Trieste ITA"]
[Date "2012.09.03"]
[Round "4"]
[White "Matijevic, Filip"]
[Black "Litrico, Paolo"]
[WhiteElo "2132"]
[BlackElo "1976"]
[Result "1-0"]
[PlyCount "119"]
[EventDate "2012.09.01"]

1. e4 e5 2. Nf3 Nc6 3. Bc4 Bc5 4. c3 Nf6 5. d3 O-O 6. O-O d5 7. exd5 Nxd5 8.
Re1 Be6 9. b4 Bd6 10. Ng5 Nf4 11. Nxe6 Nxe6 12. Bxe6 fxe6 13. Nd2 Ne7 14. Ne4
h6 15. Qb3 Qd7 16. Be3 Nf5 17. Nc5 Bxc5 18. Bxc5 Rf6 19. Rxe5 b6 20. Be3 Kh8
21. d4 Raf8 22. Rf1 Qf7 23. Qc2 Qh5 24. Qe4 Qe2 25. Rxe6 Qxa2 26. Rxf6 Rxf6 27.
Bf4 Qf7 28. Be5 Rg6 29. Qa8+ Kh7 30. Qxa7 Qd5 31. Bg3 Nxg3 32. hxg3 Rc6 33. Qa8
Qc4 34. Re1 Re6 35. Rxe6 Qxe6 36. Qf3 c6 37. b5 cxb5 38. Qd3+ Kh8 39. d5 Qd7
40. d6 Kg8 41. Qd4 Kf7 42. Qxb6 Ke6 43. Qc5 Qxd6 44. Qxb5 Qd1+ 45. Kh2 Qc2 46.
Qc4+ Kf6 47. Qd4+ Kf7 48. c4 Qa4 49. Qd5+ Ke7 50. c5 Qd7 51. Qxd7+ Kxd7 52. Kh3
Kc6 53. Kg4 g6 54. Kf4 Kd5 55. c6 Kxc6 56. Ke5 Kd7 57. Kf6 g5 58. Kg6 Ke6 59.
Kxh6 Kf5 60. Kh5 1-0

[Event "XIV Festival A"]
[Site "Trieste ITA"]
[Date "2012.09.03"]
[Round "4"]
[White "Militello, Michele"]
[Black "Castelfranchi, Carlo"]
[WhiteElo "1798"]
[BlackElo "2073"]
[Result "0-1"]
[PlyCount "78"]
[EventDate "2012.09.01"]

1. d4 Nf6 2. Nf3 g6 3. c4 Bg7 4. Nc3 d5 5. Bg5 Ne4 6. cxd5 Nxg5 7. Nxg5 e6 8.
Nf3 exd5 9. e3 O-O 10. b4 a5 11. b5 Qd6 12. Qb3 Be6 13. Rc1 Nd7 14. Be2 Nb6 15.
Na4 Nxa4 16. Qxa4 Qb4+ 17. Qxb4 axb4 18. Rxc7 Rxa2 19. Bd1 Rc8 20. Rxc8+ Bxc8
21. O-O Ra3 22. Nd2 Bd7 23. Nb1 Ra1 24. Be2 Bf5 25. g4 Bc2 26. Nd2 Ra2 27. Bf3
Bd3 28. Rd1 Bxb5 29. Bxd5 Rc2 30. Nb1 Be2 31. Re1 b5 32. h3 Bf8 33. Kg2 Rb2 34.
Bf3 Bd3 35. Bc6 Rxb1 36. Rxb1 Bxb1 37. Bxb5 b3 38. Bc4 b2 39. Bb3 Be4+ 0-1

[Event "XIV Festival A"]
[Site "Trieste ITA"]
[Date "2012.09.03"]
[Round "4"]
[White "Plenca, Jadranko"]
[Black "Kragelj, Igor"]
[WhiteElo "2049"]
[BlackElo "2192"]
[Result "1/2-1/2"]
[PlyCount "54"]
[EventDate "2012.09.01"]

1. e4 c5 2. Nf3 e6 3. c3 Nf6 4. e5 Nd5 5. Bc4 d6 6. exd6 Qxd6 7. O-O Be7 8. d4
O-O 9. Nbd2 cxd4 10. Nxd4 Rd8 11. Qf3 Nc6 12. Nxc6 Qxc6 13. Bb3 b6 14. Nc4 Bf6
15. Ne3 Ne7 16. Qg3 Ng6 17. Ng4 Be7 18. f4 Ba6 19. Rd1 Rxd1+ 20. Bxd1 Rd8 21.
Be3 Bc5 22. Bc2 Bxe3+ 23. Nxe3 Rd2 24. Re1 Qd6 25. f5 Qxg3 26. hxg3 Nf8 27. g4
h6 1/2-1/2

[Event "XIV Festival A"]
[Site "Trieste ITA"]
[Date "2012.09.03"]
[Round "4"]
[White "Tonel, Giulia"]
[Black "Basso, Pier Luigi"]
[WhiteElo "1975"]
[BlackElo "2112"]
[Result "1-0"]
[PlyCount "91"]
[EventDate "2012.09.01"]

1. d4 Nf6 2. c4 e6 3. Nc3 d5 4. Nf3 Be7 5. Bg5 Nbd7 6. e3 b6 7. cxd5 exd5 8.
Bb5 Bb7 9. Ne5 O-O 10. Bc6 Bxc6 11. Nxc6 Qe8 12. Nxe7+ Qxe7 13. Nxd5 Qe4 14.
Nxf6+ Nxf6 15. Bxf6 Qxg2 16. Ke2 Qg4+ 17. Kd2 Qxd1+ 18. Kxd1 gxf6 19. Rc1 Rac8
20. Rc6 Rfd8 21. Ke2 Rd6 22. Rhc1 Rxc6 23. Rxc6 Kg7 24. Kf3 Kg6 25. Kf4 h6 26.
e4 Rd8 27. Ke3 Rd7 28. e5 Kg7 29. Rxf6 c5 30. dxc5 bxc5 31. Rc6 Rd5 32. f4 a5
33. b3 a4 34. bxa4 Rd4 35. a5 Ra4 36. Rxc5 Rxa2 37. Ke4 Rxh2 38. Rc7 Ra2 39.
Ra7 Ra4+ 40. Kf5 Kg8 41. a6 h5 42. e6 fxe6+ 43. Kg6 Kf8 44. Rf7+ Kg8 45. a7 e5
46. Rb7 1-0

[Event "XIV Festival A"]
[Site "Trieste ITA"]
[Date "2012.09.03"]
[Round "4"]
[White "Vesce, Emanuele"]
[Black "Movileanu, Daniela"]
[WhiteElo "1903"]
[BlackElo "1993"]
[Result "1/2-1/2"]
[PlyCount "67"]
[EventDate "2012.09.01"]

1. d4 Nf6 2. c4 e6 3. Nf3 d5 4. Nc3 Be7 5. cxd5 exd5 6. Bg5 Nbd7 7. e3 O-O 8.
Bd3 b6 9. O-O Bb7 10. Rc1 c5 11. Bb1 Ne4 12. Bxe7 Qxe7 13. dxc5 Nxc3 14. Rxc3
bxc5 15. Bf5 Nf6 16. Qc2 g6 17. Bh3 Ne4 18. Ra3 h5 19. g3 a5 20. Nd2 Nxd2 21.
Qxd2 a4 22. Bg2 Rfd8 23. Qe2 Bc6 24. Rc3 Ra5 25. Rfc1 d4 26. exd4 Bxg2 27. Kxg2
cxd4 28. Rc7 Qf6 29. R7c6 Qe5 30. Qc4 Kg7 31. Rc7 Qf6 32. Rc6 Qf5 33. Rc7 Qf6
34. Rc6 1/2-1/2

[Event "XIV Festival A"]
[Site "Trieste ITA"]
[Date "2012.09.04"]
[Round "5"]
[White "Ashiku, Franc"]
[Black "Plenca, Julijan"]
[WhiteElo "2159"]
[BlackElo "2336"]
[Result "1-0"]
[PlyCount "61"]
[EventDate "2012.09.01"]

1. e4 e6 2. d4 d5 3. Nc3 h6 4. a3 Nf6 5. e5 Nfd7 6. f4 c5 7. Nf3 Nc6 8. Be3 a6
9. Qd2 b5 10. Be2 g6 11. O-O Bb7 12. Nd1 Qb6 13. Nf2 c4 14. b4 O-O-O 15. c3 Be7
16. g4 f6 17. exf6 Bxf6 18. Ne5 g5 19. Nf7 gxf4 20. Bxf4 e5 21. Bg3 Rhf8 22.
Nxd8 Rxd8 23. Qxh6 exd4 24. g5 Rh8 25. Qg6 Ne7 26. Qf7 Bxg5 27. Bg4 dxc3 28.
Rae1 Qf6 29. Ne4 Qb6+ 30. Nc5 Kd8 31. Bxd7 1-0

[Event "XIV Festival A"]
[Site "Trieste ITA"]
[Date "2012.09.04"]
[Round "5"]
[White "Baklan, Vladimir"]
[Black "Banusz, Tamas"]
[WhiteElo "2610"]
[BlackElo "2583"]
[Result "1/2-1/2"]
[PlyCount "55"]
[EventDate "2012.09.01"]

1. e4 e5 2. Nf3 Nc6 3. Bb5 Nf6 4. d3 Bc5 5. Nbd2 d6 6. c3 O-O 7. O-O Bb6 8. Nc4
Ne7 9. Nxb6 axb6 10. Ba4 Ng6 11. Bc2 h6 12. d4 Re8 13. Re1 Nh7 14. dxe5 dxe5
15. Qxd8 Rxd8 16. g3 Be6 17. h4 Nf6 18. b3 Nd7 19. Rd1 f6 20. Be3 Ra3 21. Bc1
Raa8 22. Ne1 Ne7 23. f3 Nc8 24. a4 Nd6 25. Ba3 Nc5 26. Rab1 Nf7 27. Kf2 Rxd1
28. Rxd1 1/2-1/2

[Event "XIV Festival A"]
[Site "Trieste ITA"]
[Date "2012.09.04"]
[Round "5"]
[White "Bergez, Luc"]
[Black "Manca, Federico"]
[WhiteElo "2406"]
[BlackElo "2421"]
[Result "1-0"]
[PlyCount "89"]
[EventDate "2012.09.01"]

1. e4 c6 2. d4 d5 3. Nc3 dxe4 4. Nxe4 Nf6 5. Nxf6+ gxf6 6. c3 h5 7. Be2 h4 8.
Bf4 Nd7 9. Nf3 Nb6 10. c4 Bg4 11. O-O e6 12. Qd3 Bh6 13. Bxh6 Rxh6 14. a4 a5
15. h3 Bxf3 16. Bxf3 Kf8 17. b4 axb4 18. Qd2 Kg7 19. Qxb4 Ra7 20. Rfd1 Qc7 21.
a5 Nc8 22. d5 c5 23. Qd2 exd5 24. Qxd5 Rxa5 25. Rxa5 Qxa5 26. Qxb7 Nb6 27. Bd5
Nxd5 28. cxd5 Qa4 29. Qb1 Rh5 30. d6 Qd7 31. Qe4 Rh8 32. Qc4 Rh5 33. Kf1 Kg6
34. Qe4+ Kg7 35. Qe7 Qa4 36. Qe2 Rh8 37. Kg1 Re8 38. Qf3 Rd8 39. Rd5 Rd7 40.
Kh2 Qc4 41. g3 Qc2 42. gxh4 c4 43. Rd1 f5 44. Qg3+ Kh6 45. Re1 1-0

[Event "XIV Festival A"]
[Site "Trieste ITA"]
[Date "2012.09.04"]
[Round "5"]
[White "Boscolo, Federico"]
[Black "Erwich, Frans A.G.M."]
[WhiteElo "2330"]
[BlackElo "2005"]
[Result "1-0"]
[PlyCount "55"]
[EventDate "2012.09.01"]

1. e4 c5 2. Nf3 e6 3. b3 b6 4. Bd3 Nf6 5. e5 Nd5 6. Be4 Nc6 7. O-O Bb7 8. c4
Nde7 9. d4 d5 10. exd6 Qxd6 11. Nc3 Ng6 12. Ba3 Qd7 13. dxc5 f5 14. Qxd7+ Kxd7
15. Rad1+ Ke8 16. Bxc6+ Bxc6 17. Nd4 Bd7 18. c6 Bxa3 19. cxd7+ Kf7 20. Nc6 Be7
21. Nb5 a6 22. Nc7 Rag8 23. Nxa6 Bd8 24. c5 b5 25. Nxd8+ Rxd8 26. c6 Ne5 27.
Nb4 Ke7 28. Rfe1 1-0

[Event "XIV Festival A"]
[Site "Trieste ITA"]
[Date "2012.09.04"]
[Round "5"]
[White "Drazic, Sinisa"]
[Black "Bernard, Jacques"]
[WhiteElo "2511"]
[BlackElo "2224"]
[Result "1-0"]
[PlyCount "65"]
[EventDate "2012.09.01"]

1. g3 g6 2. Bg2 Bg7 3. c4 d6 4. Nc3 c5 5. Nf3 Nc6 6. O-O Nh6 7. d4 cxd4 8. Bxh6
Bxh6 9. Nxd4 Bd7 10. e3 O-O 11. Qd3 Rc8 12. b3 a6 13. a4 Re8 14. h3 Bg7 15.
Rad1 Qa5 16. g4 Nxd4 17. exd4 b5 18. axb5 axb5 19. Nxb5 Bxb5 20. cxb5 Rc3 21.
Qe2 e6 22. Bc6 Rb8 23. d5 e5 24. Rd3 Rxd3 25. Qxd3 Bh6 26. Kg2 Bf4 27. Qe4 Qa2
28. Qb4 Qe2 29. Qxd6 Qe4+ 30. f3 Qe2+ 31. Rf2 Qe1 32. Qxb8+ Kg7 33. Qa7 1-0

[Event "XIV Festival A"]
[Site "Trieste ITA"]
[Date "2012.09.04"]
[Round "5"]
[White "Erwich, Frank A.S."]
[Black "Srebrnic, Vojko"]
[WhiteElo "2359"]
[BlackElo "2207"]
[Result "1-0"]
[PlyCount "113"]
[EventDate "2012.09.01"]

1. c4 g6 2. Nc3 Bg7 3. g3 c5 4. Bg2 Nc6 5. e3 d6 6. Nge2 e5 7. O-O Nge7 8. a3
O-O 9. Rb1 Be6 10. Nd5 Bxd5 11. cxd5 Nb8 12. b4 c4 13. d3 cxd3 14. Qxd3 Nd7 15.
e4 f5 16. f3 Nf6 17. Bh3 Qd7 18. Be3 fxe4 19. Bxd7 exd3 20. Be6+ Kh8 21. Nc3
Nf5 22. Bf2 Bh6 23. Rfd1 d2 24. Nb5 e4 25. Bxf5 e3 26. Be6 e2 27. Nxd6 exd1=Q+
28. Rxd1 Rad8 29. Nxb7 Rde8 30. Bd4 Bg7 31. Rxd2 Nh5 32. Kf2 Bxd4+ 33. Rxd4 Ng7
34. Bh3 Rb8 35. Nc5 Rfd8 36. d6 Kg8 37. d7 Kf7 38. Nd3 Rb6 39. Rf4+ Ke7 40. Ne5
Nf5 41. Bxf5 gxf5 42. Rxf5 a5 43. Rh5 h6 44. bxa5 Rf6 45. g4 Rb8 46. g5 hxg5
47. Rh7+ Kd6 48. d8=Q+ Rxd8 49. Nf7+ Rxf7 50. Rxf7 Ke6 51. Ra7 Rd3 52. a6 Rxa3
53. Ra8 Kf6 54. Kg3 Ra4 55. a7 Kg7 56. h4 gxh4+ 57. Kh3 1-0

[Event "XIV Festival A"]
[Site "Trieste ITA"]
[Date "2012.09.04"]
[Round "5"]
[White "Granaldi, Alessandro"]
[Black "Egartner, Wolfgang"]
[WhiteElo "2105"]
[BlackElo "2132"]
[Result "1-0"]
[PlyCount "123"]
[EventDate "2012.09.01"]

1. d4 d5 2. c4 c6 3. Nf3 Nf6 4. e3 Bg4 5. Qb3 Qb6 6. Nc3 Bxf3 7. gxf3 e6 8. e4
Qxb3 9. axb3 Bb4 10. Bd3 c5 11. O-O Bxc3 12. bxc3 dxc4 13. Bxc4 cxd4 14. Bb5+
Nc6 15. Ba3 dxc3 16. Rfc1 Kd7 17. Rxc3 Rhc8 18. Rd1+ Ke8 19. Rd6 Rab8 20. Kg2
h6 21. Ba4 b5 22. Rdxc6 Rxc6 23. Rxc6 bxa4 24. bxa4 Kd7 25. Ra6 Rb7 26. Bc5 Ne8
27. Rxa7 Rxa7 28. Bxa7 Kc6 29. Bd4 g6 30. Kg3 Nd6 31. Kf4 Nc4 32. Bg7 h5 33.
Bc3 Nd6 34. Ke3 Ne8 35. Bb4 Kd7 36. Kd4 f6 37. Kc5 Kc7 38. Ba5+ Kd7 39. Bb6 Nd6
40. Ba7 Nb7+ 41. Kb6 Nd6 42. Kc5 Nb7+ 43. Kb4 Kc6 44. a5 f5 45. Bb8 Nc5 46.
exf5 exf5 47. Kc4 g5 48. Kd4 g4 49. Ba7 Nb3+ 50. Ke5 Nxa5 51. f4 Nc4+ 52. Kxf5
Nd2 53. Kg6 h4 54. Kh5 Nf3 55. Kxg4 Nxh2+ 56. Kxh4 Kd7 57. Be3 Nf3+ 58. Kg4 Ne1
59. Kf5 Ke8 60. Ke6 Nf3 61. f5 Nh4 62. f6 1-0